| 000 | 00700nam a2200241Ia 4500 | ||
|---|---|---|---|
| 003 | OSt | ||
| 005 | 20221005085402.0 | ||
| 006 | a|||||r|||| 00| 0 | ||
| 007 | ta | ||
| 008 | 221004b |||||||| |||| 00| 0 eng d | ||
| 024 | _a21902 | ||
| 037 | _cTextual | ||
| 040 |
_aCRL _cCRL _beng |
||
| 041 |
_2eng _aeng |
||
| 082 | _aJk, M3 | ||
| 100 |
_aDavidson William Comp _9614164 |
||
| 245 | 0 |
_aIllustrated encyclopedia of house plants _b A practical guide to the home cultivation of over 500 beautiful plants |
|
| 260 |
_aNew York _bExeter _c1983 |
||
| 300 |
_a320p _ccm. |
||
| 650 | _aAGRICULTURE | ||
| 942 |
_hJk, M3 _cTEXL _2cc |
||
| 999 |
_c994186 _d994186 |
||